Movies Quiz

Random Movies or Clickable Quiz
Score 0/25 Timer 06:00
4 Plays Today
% Correct
Tramp
94.7%
Fiona
94.4%
Jane
93.8%
Jasmine
93.6%
The Beast
93.5%
Nala
92.7%
John Smith
91.7%
Prince Charming
91.6%
EVE
90%
Maid Marian
85.8%
Shang
83.5%
Dragon
83.4%
Bo Peep
82.7%
% Correct
Eric
81.9%
Esmeralda
81.7%
Flynn Rider
76.3%
Perdita
72.2%
Phillip
70%
Helen
69.3%
Sally
64.6%
Celia
58%
Sally
57.9%
Astrid
55.7%
Wyldstyle (Lucy)
54.3%
Sam Sparks
42.4%
Remove Ads.
Support Sporcle.
Get the best of Sporcle when you Go Orange. This ad-free experience offers more features, more stats, and more fun while also helping to support Sporcle. Thank you for becoming a member.

You're not logged in!

Compare scores with friends on all Sporcle quizzes.
OR
Log In

Show Comments

Extras

Top Quizzes Today


Score Distribution

Your Account Isn't Verified!

In order to create a playlist on Sporcle, you need to verify the email address you used during registration. Go to your Sporcle Settings to finish the process.

Report this User

Report this user for behavior that violates our Community Guidelines.

Details: